Volkswagen Models (UK 2015) Quiz Stats

 Plays Quiz not verified by Sporcle

Challenge
Share
Tweet
Embed
Score 0/15 Timer 05:00
0 Plays Today
Answer % Correct
Golf
97.9%
Polo
87.4%
Passat
87.4%
Tiguan
75.8%
Up
71.6%
Jetta
62.1%
Touareg
58.9%
CC
56.8%
Answer % Correct
Touran
56.8%
Eos
52.6%
Beetle
52.6%
Sharan
48.4%
Phaeton
40%
Sirocco
20%
XL1
13.7%

You're not logged in!

Compare scores with friends on all Sporcle quizzes.
Join for Free
OR
Log In

You Might Also Like...

Show Comments

Extras

Created Jan 23, 2015ReportNominate
Tags:car, Car Models, model, volkswagen

Top Quizzes Today


Score Distribution

Your Account Isn't Verified!

In order to create a playlist on Sporcle, you need to verify the email address you used during registration. Go to your Sporcle Settings to finish the process.

Report this User

Report this user for behavior that violates our Community Guidelines.

Details: